MARC details
| 000 -LEADER |
| fixed length control field |
01158nam a2200277 a 4500 |
| 008 - FIXED-LENGTH DATA ELEMENTS--GENERAL INFORMATION |
| fixed length control field |
120416s1983 ||||||||||||||||| || u |
| 020 ## - INTERNATIONAL STANDARD BOOK NUMBER |
| International Standard Book Number |
0691094012 |
| 050 ## - LIBRARY OF CONGRESS CALL NUMBER |
| Classification number |
HD 9675.S833 Ger |
| 100 ## - MAIN ENTRY--PERSONAL NAME |
| Personal name |
Gereffi, Gary |
| 245 14 - TITLE STATEMENT |
| Title |
The pharmaceutical industry and dependency in the Third World |
| 260 ## - PUBLICATION, DISTRIBUTION, ETC. |
| Place of publication, distribution, etc. |
Princeton, [N.J.] |
| Name of publisher, distributor, etc. |
Princeton University Press |
| Date of publication, distribution, etc. |
1983 |
| 300 ## - PHYSICAL DESCRIPTION |
| Extent |
xiii, 291 p. |
| 350 ## - |
| -- |
0.00 |
| 500 ## - GENERAL NOTE |
| General note |
Includes index. -Bibliography: p. 255-279. |
| 650 ## - SUBJECT ADDED ENTRY--TOPICAL TERM |
| Topical term or geographic name entry element |
DEPENDENCY |
| 650 ## - SUBJECT ADDED ENTRY--TOPICAL TERM |
| Topical term or geographic name entry element |
Mexico--Dependency on foreign countries |
| 650 ## - SUBJECT ADDED ENTRY--TOPICAL TERM |
| Topical term or geographic name entry element |
Political systems |
| 650 ## - SUBJECT ADDED ENTRY--TOPICAL TERM |
| Topical term or geographic name entry element |
DRUG INDUSTRY |
| 650 ## - SUBJECT ADDED ENTRY--TOPICAL TERM |
| Topical term or geographic name entry element |
Pharmaceutical industry--Developing countries |
| 650 ## - SUBJECT ADDED ENTRY--TOPICAL TERM |
| Topical term or geographic name entry element |
Steroid hormone industry--Mexico |
| 650 #0 - SUBJECT ADDED ENTRY--TOPICAL TERM |
| Topical term or geographic name entry element |
INTERNATIONAL BUSINESS ENTERPRISES |
| 650 ## - SUBJECT ADDED ENTRY--TOPICAL TERM |
| Topical term or geographic name entry element |
DEVELOPING COUNTRIES |
| 650 ## - SUBJECT ADDED ENTRY--TOPICAL TERM |
| Topical term or geographic name entry element |
INDUSTRY |
| 995 ## - |
| -- |
ANNEX COLLECTION (Main Library) |
| -- |
0.00 |
| -- |
709277 |
| -- |
CBU-MAIN LIBRARY (Kitwe) |
| -- |
1 |
| -- |
25.00 |
| -- |
HD 9675.S833 Ger |
| -- |
1 |
| -- |
AVAILABLE |
| -- |
003172 |
| -- |
Annex Low-Usage Collection |
| 995 ## - |
| -- |
ANNEX COLLECTION (Main Library) |
| -- |
0.00 |
| -- |
709278 |
| -- |
CBU-MAIN LIBRARY (Kitwe) |
| -- |
2 |
| -- |
25.00 |
| -- |
HD 9675.S833 Ger |
| -- |
2 |
| -- |
AVAILABLE |
| -- |
003173 |
| -- |
Annex Low-Usage Collection |
| 999 ## - |
| -- |
81865 |
| -- |
81865 |